000 00567nam a2200205Ia 4500
999 _c56477
_d56477
001 23590
003 GE_BSU
005 20221122152453.0
008 181216s2018||||en |||||||||||||| ||eng||
020 _a9781780673219x
040 _cGE_BSU
041 _aeng
080 _a721+741 B-82
100 _aBowkett, Steve
_94579
245 _aArchidoodle: an Architect's Activity Book /
_cSteve Bowkett.
264 _aLondon :
_bLaurence King Publishing,
_c2018
300 _a180 p. :
_b ill ;
_c21 cm.
653 _aარქიტექტურა
942 _cBK
_2udc